Moderní učebnice němčiny Němčina pro hospodářskou praxi 1

Gespeichert in:
Bibliographische Detailangaben
1. Verfasser: Höppnerová, Věra
Weitere Verfasser: Vitovská, Eva
Format: Buch
Sprache:Tschechisch
Veröffentlicht: Praha Státní nakladatelství technické literatury 1989
Ausgabe:6. nezměn. vyd.
Tags: Tag hinzufügen
Keine Tags, Fügen Sie das erste Tag hinzu!

MARC

LEADER 00000nam a2200000 4500
001 c038920
005 20250929134347.2
041 0 |a cze 
044 |a CZ 
245 1 0 |a Moderní učebnice němčiny  |b Němčina pro hospodářskou praxi 1  |c Věra Höppnerová, Eva Vitovská 
250 |a 6. nezměn. vyd. 
264 1 |a Praha  |b Státní nakladatelství technické literatury  |c 1989 
300 |a 413 s. 
100 1 |a Höppnerová, Věra 
700 1 |a Vitovská, Eva